000 00351nam a22001217a 4500
999 _c1221
_d1221
005 20200826120949.0
008 200826b ||||| |||| 00| 0 eng d
020 _a0333286065
040 _cCML
245 _aHigher Education Revisited.
_cRobbins, L.
260 _aLondon
_bMacmillan Press Ltd.
_c1980
942 _2ddc
_cBK
_h378.0942
_mROB